000 00281nam a2200121Ia 4500
005 20251222144710.0
008 251222s9999||||xx |||||||||||||| ||spa||
082 _a230.2/O88
100 _aOtt, Ludwin
245 0 _aManual de TeologĂ­a DogmĂ­tica
264 _bHerder
942 _cLIB
999 _c17775
_d17775